|
|
|
|
| LEADER |
00000nab a2200000u 4500 |
| 001 |
vtls011753608 |
| 003 |
SK-MaSNL |
| 005 |
20260305020505.0 |
| 008 |
180426|20180413xo ||||||| ||00 ||slo| |
| 038 |
|
|
|a KEVKJB
|
| 040 |
|
|
|a KEVKJB
|b slo
|e rda
|
| 041 |
0 |
|
|a slo
|
| 043 |
|
|
|a e-xo---
|
| 044 |
|
|
|a xo
|c SK
|
| 072 |
|
7 |
|a 94(437)
|x Dejiny Československa
|2 konspekt
|
| 080 |
|
|
|a 94(437)"1968"
|2 2011
|
| 100 |
1 |
|
|a Vargová, Jana
|4 aut
|9 325005
|
| 245 |
1 |
0 |
|a Na Michala Lefčíka nesmieme nikdy zabudnúť
|b pietnou spomienkou na Námestí osloboditeľov a happeningom v kine Úsmev si uctili pamiatku košického martýra
|c Jana Vargová
|
| 300 |
|
|
|b Fotografie
|
| 336 |
|
|
|a text
|b txt
|2 rdacontent
|
| 337 |
|
|
|a bez média
|b n
|2 rdamedia
|
| 338 |
|
|
|a zväzok
|b nc
|2 rdacarrier
|
| 600 |
1 |
7 |
|a Lefčík, Michal,
|d 1950-1969
|2 kevkjb
|9 1091339
|
| 650 |
0 |
7 |
|a August (1968 : Československo)
|2 kevkjb
|9 68467
|
| 650 |
0 |
7 |
|a spomienkové podujatia
|2 kevkjb
|9 120764
|
| 651 |
|
7 |
|a Košice (Slovensko)
|2 kevkjb
|9 18694
|
| 773 |
0 |
|
|t KOŠICE:DNES
|g Roč. 5, č. 72 (13.4.2018), s. 2-3
|x 1339-7605
|
| 852 |
|
|
|a KEVKJB
|b KIS3GCP
|
| 856 |
4 |
1 |
|u https://kosicednes.sk/tema-dna/na-michala-lefcika-nesmieme-nikdy-zabudnut/
|
| 958 |
|
|
|a BX
|
| 999 |
|
|
|c 3280950
|d 3282880
|